Father Figure - George Michael, lyrics - Statistics

General Stats
  • This quiz has been taken 392 times
  • The average score is 298 of 424
Answer Stats
Answer % Correct
I
98%
Be
97%
(Be
97%
You
97%
Your
96%
A
95%
Father
95%
Figure
93%
In
93%
The
91%
Will
87%
Love
86%
Time
86%
Me
85%
Me)
85%
Of
85%
On
85%
When
84%
One
82%
Who
82%
Hand
81%
To
81%
Put
80%
So
80%
Mine
78%
End
77%
My
77%
(My
77%
That
76%
‘Til
76%
For
74%
Tiny
74%
And
73%
All
72%
Can
72%
Eyes
70%
Have
70%
Teacher
69%
Wanted
69%
Then
68%
Just
67%
Preacher
67%
That’s
65%
Loves
64%
Baby
63%
Baby)
63%
I’ll
62%
(I’ll
62%
(Oh
60%
Oh
60%
Anything
58%
At
58%
Mind
57%
Moment
57%
Something
57%
Understand
57%
Had
56%
It
56%
Special
56%
This
56%
Do
53%
If
53%
Side
53%
Enough
51%
Ever
51%
Never
51%
Think
51%
Is
49%
Naked
49%
We
48%
But
47%
What
47%
Sacred
45%
Go
44%
Sometimes
44%
As
43%
Daddy)
42%
Daddy
42%
See
42%
Crime
41%
Let
41%
Life
41%
Someone
40%
It’s
39%
Won’t
39%
Hold
38%
Are
37%
Warm
37%
Don’t
36%
Hunger
35%
No
35%
They
33%
Can’t
32%
Say
32%
Sea
32%
Together
32%
Desert
31%
Lie
31%
Forever
30%
With
30%
Ask
29%
Happy
29%
Lover
29%
Maybe
27%
Whatever
25%
Because
24%
Child
24%
Darling
24%
Beautiful
23%
Each
23%
Tells
23%
We’d
23%
Bold
22%
Cried
22%
Other
22%
Shine
22%
Strong
22%
Blue
21%
Mistaken
21%
Remember
21%
Lied
20%
Said
20%
Am
18%
Whoa
18%
Laughed
16%
Understands
16%
Always
15%
Baby’s
15%
Faith
14%
Cared
12%
Telling
12%
Gonna
10%
Kiss
10%
Smile)
10%
Greet
8%
(Heaven
7%
(Except
0%
No matching quizzes found
Score Distribution
Percent of People with Each Score
Percentile by Number Answered
Your Score History
You have not taken this quiz